Kursus penulisan penghakiman untuk penilai [

Bibliographic Details
Format: Book
Published: Bangi : Inspen , 1998
Subjects:

MARC

LEADER 00000cam a2200000 7i4500
001 0000017281
005 20061129.0
040 |a INS 
090 0 0 |a HD1387 1998 
245 0 0 |a Kursus penulisan penghakiman untuk penilai [  |h video recording] 
260 |a Bangi :   |b Inspen ,   |c 1998 
300 |a 1 Video cassette (VHS) (2:10) :   |b sd; col. ;   |c 1/2 in. 
650 0 0 |a Valuation 
999 |a VHS763   |b VIDEO   |c Media Collection   |e Default branch